flagi z całego świata (poziom średni) - Statystyki

Ogólne statystyki
  • Ten quiz został rozwiązany 1 310 razy
  • Średni wynik to 37 z 41
Statystyki odpowiedzi
Obrazkowy Odpowiedź % Poprawnych
Albania
97%
Argentyna
97%
Grecja
97%
Japonia
96%
Niemcy
96%
Chiny
95%
Kanada
95%
Hiszpania
94%
Portugalia
94%
Stany Zjednoczone
94%
Arabia Saudyjska
93%
Szwajcaria
93%
Czechy
92%
Francja
92%
Ukraina
92%
Wielka brytania
92%
Australia
91%
Belgia
91%
Izrael
91%
Norwegia
91%
Indie
90%
Słowacja
90%
Anglia
89%
Finlandia
89%
Gruzja
89%
Holandia
89%
Litwa
89%
Maroko
89%
Dania
88%
Irlandia
88%
Łotwa
88%
Rumunia
88%
Słowenia
88%
Macedonia Północna
87%
Serbia
86%
Kazachstan
85%
Węgry
85%
Bułgaria
82%
Luksemburg
82%
Szkocja
82%
Jamajka
81%
Nie znaleziono quizów pasujących do podanych kryteriów
Rozkład punktacji
Procent ludzi z każdym wynikiem
Percentyl według liczby udzielonych odpowiedzi
Twoja historia wyników
Nie rozwiązałeś tego quizu